La prescripción liberatoria de las obligaciones tributarias locales a partir del Código Civil y Comercial de la Nación (Registro nro. 13786)

Detalles MARC
000 -LEADER
fixed length control field 00409 a2200109 4500
001 - CONTROL NUMBER
control field ART_37205
005 - DATE AND TIME OF LATEST TRANSACTION
control field 20260410161646.0
008 - FIXED-LENGTH DATA ELEMENTS--GENERAL INFORMATION
fixed length control field 260409a
100 1# - MAIN ENTRY--PERSONAL NAME
Personal name Caranta, Martín R.
245 10 - TITLE STATEMENT
Title La prescripción liberatoria de las obligaciones tributarias locales a partir del Código Civil y Comercial de la Nación
773 0# - HOST ITEM ENTRY
Title Consultor tributario
Related parts - Año 9, Nº 109 (mar. 2016)
Record control number REV474

No hay ítems disponibles.